000 00835cam a2200277 4500
999 _c233650
_d233650
001 2193292
003 Nust
005 20170309143952.0
008 691107s1969 enkbj 000 1 eng
010 _a 72424711
015 _aB69-15868
020 _a9781844080427
040 _aDLC
_cDLC
_dDLC
050 0 0 _aPZ3.D8916
_bHo
_aPR6007.U47
082 0 0 _a823.912
_bMAU
100 1 _aDu Maurier, Daphne,
_d1907-1989.
245 1 4 _aThe house on the strand.
_c DaphneDu Maurier;
260 _aLondon,
_bGollancz,
_c1969.
300 _a329 p.
_c21 cm.
350 _a30/-
650 0 _aTime travel
_vFiction.
651 0 _aCornwall (England : County)
_vFiction.
655 7 _aPsychological fiction.
_2lcsh
655 7 _aFantasy fiction.
_2gsafd
906 _a7
_bcbc
_corignew
_du
_encip
_f19
_gy-gencatlg
942 _2ddc
_cBK